01332nam a2200217 a 4500999001500000003000400015005001700019008004100036040002000077110004400097245042800141260006200569300002300631650006300654650003900717650009100756700002700847856011900874942002000993952010101013 c8006d8006OSt20241219174755.0130130s2009||||||||||||||||||||||||||||d aCDMRbcatcCDMR2 92397aGrup de Periodistes Ramon Barnils 0aViolències masclistes contra periodistes [Recurs electrònic] b: com impacten en les dones en la professió i condicionen l’exercici del periodisme a Catalunya c/ [aquest informe l’ha elaborat Mèdia.cat, l’Observatori Crític dels Mitjans impulsat pel Grup de Periodistes Ramon Barnils, amb el suport de la Fundació Catalunya - Fons per a la Defensa dels Drets dels Catalans ; redacció: Meritxell Rigol]  a[Barcelona] b: Grup de Periodistes Ramon Barnilsc, 2024 a50 pàgines (PDF) 093818aMitjans de comunicació de massa i doneszCatalunya 092913aDones periodisteszCatalunya 094838aViolència envers les dones en els mitjans de comunicació de massazCatalunya 94997aRigol, Meritxell uhttps://www.media.cat/wp-content/uploads/2024/12/informe-violencies-masclistes-periodistes.pdfzAccés en línia cRECURS_WEB2udc 00104070aCDMRbCDMRd2024-12-19l0oDisponible en líniar2024-12-19w2024-12-19yRECURS_WEB